Statistics for Most Expensive Real Madrid Transfers - Outbound

Click here to take the quiz!

General Stats

  • This quiz has been taken 43 times
  • The average score is 13 of 25

Answer Stats

No.ClubYearFee (million €)Answer% Correct
1Juventus2018117Cristiano Ronaldo
100%
3Manchester United202270.65Casemiro
87%
2Manchester United201475Angel Di Maria
79%
5Arsenal201347Mesut Ozil
77%
9Manchester United202140Raphael Varane
77%
4Chelsea201766Alvaro Morata
69%
22Juventus201420Alvaro Morata
69%
6Chelsea201945Mateo Kovacic
69%
10Napoli201339Gonzalo Higuain
59%
11Arsenal202137Martin Odegaard
59%
16Bayern Munich200925Arjen Robben
56%
17Newcastle United200525Michael Owen
56%
8Manchester City200843Robinho
56%
14Atletico Madrid201930Marcos Llorente
51%
7Inter Milan202043Achraf Hakimi
49%
13Tottenham202030Sergio Reguilon
49%
20AC Milan201922.8Theo Hernandez
44%
12PSG200034.5Nicolas Anelka
41%
15Manchester City201730Danilo
33%
23Chelsea200320Claude Makelele
26%
19Inter Milan199924.01Clarence Seedorf
23%
18PSG201725Jese
15%
25Inter Miln200516Walter Samuel
13%
24AC Milan200017.5Fernando Redondo
10%
21Benfica201920Raul De Tomas
5%

Score Distribution

Percentile by Number Answered

Percent of People with Each Score

Your Score History

You have not taken this quiz